Statistiques concernant Qui suis-je, Harry Potter

Cliquez ici pour prendre le quiz!

Statistiques générales

  • Ce quiz a été pris 323 fois
  • Le résultat moyen est 10 sur 11

Statistiques - réponses

DescriptionRéponse% Correct
J’ai reçu une chaussette ça a bouleversé ma vie, j’ai été beaucoup maltraité:Dobby
98%
Je suis le propriétaire d’un phénix, directeur de Poudlard, sorcier emblématique et redouté de Voldemort :Albus Dumbledore
97%
J’ai une peur bleu des araignées, je suis né dans une grande fratrie, et je suis roux:Ron Weasley
97%
Serpentard, habillé toujours en noir, cheveux noirs, prince de sang-mêléSeverus Rogue
94%
Poufsouffle exceptionnel, finaliste du tournoi des trois sorciers, tué par Queudver.Cédric Diggory
89%
Habillée en rose, imposant sa loi à Poudlard, venue du Ministère et personne exécrableDolorès Ombrage
89%
Cousin pénible, enfant gâté, cousin du personnage principalDudley Dursley
88%
Directrice de Gryffondor, juste et gentilleMinerva McGonagall
88%
Rieurs, Farceurs, Roux, Jumeaux :-)Fred et George
87%
Traître, animagus ( c’est un rat ), serviteur de Voldemort par craintePeter Pettigrow
83%
Journaliste, colporteuse de ragot, blonde, animagus qui s’apparente à un scarabée :Rita Skeeter
77%

Distribution des résultats

Percentile par nombre de réponses

% des personnes avec chaque résultat

Votre développement - résultats

Vous n’avez pas pris ce quiz